<?xml version="1.0" encoding="UTF-8"?>
<collection xmlns="http://www.loc.gov/MARC21/slim">
 <record>
  <leader>01986nam a22001935a 4500</leader>
  <controlfield tag="001">EEO.eeo003866</controlfield>
  <controlfield tag="008">251216s2010####xx############000#0#und#d</controlfield>
  <controlfield tag="005">20251229153237.0</controlfield>
  <datafield tag="245" ind1="1" ind2="0">
   <subfield code="a">¡Viva la diferencia! :</subfield>
   <subfield code="b">(...y el complemento también): lo femenino y lo masculino : la magia en el ser mujer, la realidad en el ser hombre /</subfield>
   <subfield code="c">Pilar Sordo.</subfield>
  </datafield>
  <datafield tag="250" ind1=" " ind2=" ">
   <subfield code="a">15a ed.</subfield>
  </datafield>
  <datafield tag="260" ind1=" " ind2=" ">
   <subfield code="a">Santiago de Chile :</subfield>
   <subfield code="b">Norma,</subfield>
   <subfield code="c">2010.</subfield>
  </datafield>
  <datafield tag="300" ind1=" " ind2=" ">
   <subfield code="a">190 p. ;</subfield>
   <subfield code="c">21 cm.</subfield>
  </datafield>
  <datafield tag="520" ind1=" " ind2=" ">
   <subfield code="a">&quot;Libro fundamental que explora las diferencias innatas entre hombres y mujeres, no para igualarlos, sino para aceptarlas y potenciarlas, buscando un equilibrio entre lo masculino y lo femenino en cada persona para una mayor plenitud, basándose en extensas investigaciones que analizan cómo hombres y mujeres se relacionan, comunican y viven las experiencias, mostrando patrones únicos para cada sexo, desde la comunicación hasta la sexualidad.Temas Clave del Libro: Diferencias de Género: Desmiente la idea de que hombres y mujeres son iguales, enfatizando sus diferencias biológicas y psicológicas. Investigación Propia: Surge de la necesidad de estudios locales en Chile y se basa en miles de entrevistas y grupos focales, abarcando distintas edades y contextos. Comunicación: Señala cómo los hombres suelen ser más directos y enfocados en soluciones, mientras las mujeres tienden a la narración y la conexión emocional. Manejo Emocional: Explora cómo las mujeres recuerdan y reviven emociones, y la tendencia masculina a ser más pragmáticos. Sexualidad: Detalla diferencias en el placer, el orgasmo y el enfoque en la relación sexual para hombres y mujeres. El Complemento: Propone aceptar y equilibrar lo masculino y femenino dentro de uno mismo, más allá del sexo biológico, para crecer.&quot;--I.A.</subfield>
  </datafield>
  <datafield tag="020" ind1=" " ind2=" ">
   <subfield code="a">9563000153</subfield>
  </datafield>
  <datafield tag="100" ind1="1" ind2=" ">
   <subfield code="a">Sordo, Pilar,</subfield>
   <subfield code="d">1965-</subfield>
  </datafield>
  <datafield tag="082" ind1="0" ind2="4">
   <subfield code="a">155.3</subfield>
   <subfield code="2">20</subfield>
  </datafield>
  <datafield tag="650" ind1=" " ind2="7">
   <subfield code="a">Psicología.</subfield>
   <subfield code="2">unbist.</subfield>
  </datafield>
  <datafield tag="653" ind1=" " ind2=" ">
   <subfield code="a">Lectura Recreativa</subfield>
  </datafield>
  <datafield tag="859" ind1=" " ind2=" ">
   <subfield code="a">AR-BaUEB</subfield>
   <subfield code="b">BIB. ECONOMIA - General</subfield>
   <subfield code="h">155.3</subfield>
   <subfield code="i">So68</subfield>
   <subfield code="p">e15615</subfield>
  </datafield>
 </record>
</collection>
